000 00910nam a2200265 a 4500
003 DO-SdBNP
005 20220321112934.0
007 ta
008 210709e2018 dr ||||gr|||| 001 p spa d
020 _a9789945609639
040 _aDO-SdBNP
_bspa
_cBNPHU
082 4 _bG993c
_222
100 1 _aGuzmán Santana , Juan Francisco
_d1984 -
_979178
245 1 0 _a50 poemas y frases de amor para la mujer /
_cJuan Francisco Guzmán Santana
246 _aCincuenta poemas y frases de amor para la mujer
260 _aSanto Domingo :
_bSantuario,
_c2018
300 _a61 p. ;
_c23 cm
500 _aIncluye datos biográficos del autor en la solapa de la cubierta.
590 _aInventariado 2021 / MF
650 4 _957692
_aPoemas Dominicanos
650 4 _976127
_aLiteratura Dominicana
_xPoesía amorosa dominicana
650 4 _963346
_aPoesía
_xLiteratura dominicana
910 _aMfeliz
942 _2ddc
_cLBS1
999 _c50087
_d50087